Countries with the Word "And" - Statistics

General Stats
  • This quiz has been taken 117,505 times
  • The average score is 8 of 12
Answer Stats
Part Hint Answer % Correct
Tobago and Trinidad
85%
Trinidad and Tobago
82%
Barbuda and Antigua
79%
Nevis and Saint Kitts
77%
The Grenadines and Saint Vincent
73%
Antigua and Barbuda
71%
Saint Kitts and Nevis
70%
Saint Vincent and the Grenadines
66%
Herzegovina and Bosnia
63%
Principe and São Tomé
61%
Sao Tome and Principe
58%
Bosnia and Herzegovina
56%
No matching quizzes found
Score Distribution
Percent of People with Each Score
Percentile by Number Answered
Your Score History
You have not taken this quiz